Biện pháp quản lý hoạt động giảng dạy của tổ trưởng bộ môn ở trường Cao đẳng công nghiệp Tuy Hòa
Cơ sở lý luận về quản lý hoạt động giange dạy tổ trưởng bộ môn ở trường Cao đẳng..Thực trạng quản lý hoạt động giảng dạy của tổ trưởng bộ môn ở trường CĐCN Tuy Hòa ....Các biên pháp quản lý hoạt động giảng dạy của tổ trưởng bộ môn ở trường CĐCN Tuy Hòa.......
Đã lưu trong:
| Tác giả chính: | |
|---|---|
| Tác giả khác: | |
| Định dạng: | Sách |
| Ngôn ngữ: | Vietnamese |
| Được phát hành: |
Đà Nẵng
Đại học Đà Nẵng
2011
|
| Những chủ đề: | |
| Các nhãn: |
Thêm thẻ
Không có thẻ, Là người đầu tiên thẻ bản ghi này!
|
| Thư viện lưu trữ: | Mạng thư viện Đại học Đà Nẵng |
|---|
| LEADER | 01776nam a2200337 4500 | ||
|---|---|---|---|
| 001 | 000010763 | ||
| 003 | 6978 | ||
| 005 | 20111220101222.0 | ||
| 008 | 111220s2011 viesd | ||
| 041 | |a vie | ||
| 072 | |a Luận văn thạc sĩ giáo dục học | ||
| 082 | |a 375.05 |b LE-B | ||
| 100 | 1 | |a Lê Ngọc Bích | |
| 245 | 1 | |a Biện pháp quản lý hoạt động giảng dạy của tổ trưởng bộ môn ở trường Cao đẳng công nghiệp Tuy Hòa |c Lê Ngọc Bích | |
| 260 | |a Đà Nẵng |b Đại học Đà Nẵng |c 2011 | ||
| 300 | |a 101 tr |c 29 cm |e Bản tóm tắt, đĩa CD | ||
| 500 | |a Luận văn thạc sĩ giáo dục học: Chuyên ngành:Quản lý giáo dục. Mã số: 60.14.05 | ||
| 520 | |a Cơ sở lý luận về quản lý hoạt động giange dạy tổ trưởng bộ môn ở trường Cao đẳng..Thực trạng quản lý hoạt động giảng dạy của tổ trưởng bộ môn ở trường CĐCN Tuy Hòa ....Các biên pháp quản lý hoạt động giảng dạy của tổ trưởng bộ môn ở trường CĐCN Tuy Hòa.... | ||
| 653 | |a Hoạt động giảng dạy của tổ trưởng bộ môn |a Biện pháp quản lý | ||
| 653 | |a Trường Cao đẳng công nghiệp Tuy Hòa | ||
| 700 | |a Nguyễn Sỹ Thư |c hướng dẫn |e TS | ||
| OWN | |a LSP | ||
| AVA | |a UDN50 |b LSP |d 375.05 LE-B |e available |t Error 5001 Not defined in file expand_doc_bib_avail. |f 1 |g 0 |h N |i 0 |k 1 | ||
| 999 | |a From the UDN01 | ||
| AVA | |a UDN50 |b LSP |d 375.05 LE-B |e available |t Error 5001 Not defined in file expand_doc_bib_avail. |f 1 |g 0 |h N |i 0 |k 1 | ||
| TYP | |a Monograph | ||
| TYP | |a Printed language | ||
| 980 | |a Mạng thư viện Đại học Đà Nẵng | ||